| 000 | 00926cam a22002533a 4500 | ||
|---|---|---|---|
| 001 | 41211 | ||
| 003 | PGUSA | ||
| 005 | 20140828083928.0 | ||
| 008 | 121028s2012||||xxu|||||s|||||000 | eng d | ||
| 040 |
_aPGUSA _beng |
||
| 042 | _adc | ||
| 050 | 4 | _aPQ | |
| 100 | 1 |
_aBalzac, Honoré de, _d1799-1850 |
|
| 245 | 1 | 0 |
_aLa Comédie humaine - Volume 01 _h[electronic resource] / _cHonoré de Balzac |
| 260 |
_bProject Gutenberg, _c2012 |
||
| 500 | _aScènes de la vie privée - Tome 1 | ||
| 505 | 0 | _aAvant-propos -- La Maison du chat-qui-pelote -- Le Bal de Sceaux -- La Bourse -- La Vendetta -- Madame Firmiani -- Une double famille -- La Paix du ménage -- La Fausse Maîtresse -- Étude de femme -- Albert Savarus | |
| 506 | _aPublic domain in the USA. | ||
| 516 | _aElectronic text | ||
| 653 | _aFrench literature | ||
| 830 | 0 |
_aProject Gutenberg _v41211 |
|
| 856 | 4 | 0 | _uhttp://www.gutenberg.org/ebooks/41211 |
| 942 | _cEB | ||
| 999 |
_c270463 _d270463 |
||